Rapid measurement of concrete pavement thickness and reinforcement location : (Record no. 547721)

000 -LEADER
fixed length control field 00999cam a2200217 i 4500
020 ## - INTERNATIONAL STANDARD BOOK NUMBER
International Standard Book Number 0309025087 :
082 00 - DEWEY DECIMAL CLASSIFICATION NUMBER
Classification number 625.84
Author Mark WEB
-- D.
100 1# - MAIN ENTRY--PERSONAL NAME
Personal name Weber, William G.
9 (RLIN) 43862
245 10 - TITLE STATEMENT
Title Rapid measurement of concrete pavement thickness and reinforcement location :
Remainder of title field evaluation of nondestructive systems /
Statement of responsibility, etc. W. G. Weber, Jr., R. L. Grey, and P. D. Cady.
260 ## - PUBLICATION, DISTRIBUTION, ETC.
Place of publication, distribution, etc. Washington :
Name of publisher, distributor, etc. Transportation Research Board, National Research Council,
Date of publication, distribution, etc. 1976.
300 ## - PHYSICAL DESCRIPTION
Extent 63 p. :
Other physical details ill. ;
Dimensions 28 cm.
490 1# - SERIES STATEMENT
Series statement Report - National Cooperative Highway Research Program ; 168
500 ## - GENERAL NOTE
General note "Research sponsored by the American Association of State Highway and Transportation Officials in cooperation with the Federal Highway Administration."
526 ## - STUDY PROGRAM INFORMATION NOTE
Program name 0
Interest level 0
Reading level 0
Title point value 625_840000000000000_WEB
650 #0 - SUBJECT ADDED ENTRY--TOPICAL TERM
Topical term or geographic name entry element MCE
9 (RLIN) 379
650 #0 - SUBJECT ADDED ENTRY--TOPICAL TERM
Topical term or geographic name entry element Nondestructive testing.
9 (RLIN) 38315
650 #0 - SUBJECT ADDED ENTRY--TOPICAL TERM
Topical term or geographic name entry element Pavements, Concrete
General subdivision Testing.
9 (RLIN) 43863
700 1# - ADDED ENTRY--PERSONAL NAME
Personal name Cady, P. D.
9 (RLIN) 43864
700 1# - ADDED ENTRY--PERSONAL NAME
Personal name Grey, Richard L.,
9 (RLIN) 43865
942 ## - ADDED ENTRY ELEMENTS (KOHA)
Source of classification or shelving scheme
Koha item type Book
Holdings
Withdrawn status Lost status Source of classification or shelving scheme Damaged status Not for loan Permanent Location Current Location Date acquired Total Checkouts Full call number Barcode Date last seen Price effective from Koha item type
          Military College of Engineering (MCE) Military College of Engineering (MCE) 08/05/2014   625.84 WEB MCE-42085 08/05/2014 08/05/2014 Book
© 2023 Central Library, National University of Sciences and Technology. All Rights Reserved.